Sports Quiz

Random Sports or Basketball Quiz
Score 0/10 Timer 03:00
0 Plays Today
Other Two Other Player % Correct
Lebron James, Dwyane Wade...Chris Bosh
99.2%
Ray Allen, Paul Pierce...Kevin Garnett
99.1%
Tim Duncan, Manu Ginobili...Tony Parker
96.8%
Scottie Pippen, Michael Jordan...Dennis Rodman
88.9%
Kobe Bryant, Karl Malone...Shaquille Oneal
86.5%
Kobe Bryant, Pau Gasol...Ron Artest
73.1%
Larry Bird, Robert Parrish...Kevin Mchale
70.2%
Bob Cousy, John Havlicek...Bill Russell
67.7%
Magic Johnson, Kareem Abdul Jabbar...James Worthy
66.8%
Michael Jordan, Scottie Pippen...Horace Grant
46.3%
Remove Ads.
Support Sporcle.
Get the best of Sporcle when you Go Orange. This ad-free experience offers more features, more stats, and more fun while also helping to support Sporcle. Thank you for becoming a member.

You're not logged in!

Compare scores with friends on all Sporcle quizzes.
OR
Log In

Show Comments

Extras

Top Quizzes Today


Score Distribution

Your Account Isn't Verified!

In order to create a playlist on Sporcle, you need to verify the email address you used during registration. Go to your Sporcle Settings to finish the process.

Report this User

Report this user for behavior that violates our Community Guidelines.

Details: